000
00344nam a2200133Ia 4500
008
151001s9999||||xx |||||||||||||| ||und||
100
_a
भाऊ पाध्ये
245
_a
वैतागवाडी
250
_a
1
260
_b
साधना प्रकाशन पुणे
260
_c
1964
300
_a
173
365
_b
7
999
_c
953623
_d
953620